[Event "Frankfurt-chA"]
[Site "Frankfurt"]
[Date "2018.06.11"]
[Round "6"]
[White "Leichum, Engelbert"]
[Black "Klikic, Drazen"]
[Result "0-1"]
[WhiteElo "1619"]
[BlackElo "1476"]
[PlyCount "70"]
[EventDate "2018.04.30"]
[EventType "swiss"]
[EventRounds "7"]
[EventCountry "GER"]
[SourceTitle "EXT 2019"]
[Source "ChessBase"]
[SourceDate "2018.10.10"]
[SourceVersion "1"]
[SourceVersionDate "2018.10.10"]
[SourceQuality "1"]

1. e4 e5 2. Bc4 Nc6 3. Nf3 Bc5 4. 0-0 Nf6 5. d4 Bxd4 6. Qe2 d6 7. a4 0-0 8. c3 Bb6 9. b4 a5 10. b5 Ne7 11. Bg5 Ng6 12. Qc2 h6 13. Be3 Bxe3 14. fxe3 Be6 15. Nbd2 Ng4 16. Rfe1 Nh4 17. Bd5 Bxd5 18. exd5 f5 19. h3 Nxf3+ 20. gxf3 Nxe3 21. Rxe3 Qg5+ 22. Kf2 f4 23. Ree1 Qg3+ 24. Ke2 Qg2+ 25. Kd3 Qxh3 26. Rh1 Qf5+ 27. Ne4 c6 28. bxc6 bxc6 29. c4 cxd5 30. cxd5 Rac8 31. Qf2 Qf7 32. Nxd6 Qxd5+ 33. Ke2 Rc2+ 34. Kf1 Rxf2+ 35. Kxf2 Qxd6 0-1

[Event "Heusenstamm Sparkassen op-B 3rd"]
[Site "Heusenstamm"]
[Date "2016.11.27"]
[Round "2"]
[White "Junkers, Guenter"]
[Black "Klikic, Drazen"]
[Result "0-1"]
[WhiteElo "1255"]
[BlackElo "1497"]
[PlyCount "52"]
[EventDate "2016.11.27"]
[EventType "swiss"]
[EventRounds "7"]
[EventCountry "GER"]
[SourceTitle "EXT 2018"]
[Source "ChessBase"]
[SourceDate "2017.10.13"]
[SourceVersion "1"]
[SourceVersionDate "2017.10.13"]
[SourceQuality "1"]

1. e4 e5 2. Nf3 Nc6 3. d4 exd4 4. Nxd4 Nf6 5. Nxc6 bxc6 6. e5 Nd5 7. Be2 Qe7 8. Qd4 d6 9. Bf4 Nxf4 10. Qxf4 dxe5 11. Qe4 Bd7 12. Nd2 g6 13. Nc4 Bg7 14. 0-0 0-0 15. Na5 Qf6 16. Rad1 Rfd8 17. Nb7 Bf5 18. Rxd8+ Rxd8 19. Qa4 Rd2 20. Rd1 Rxe2 21. Rd8+ Qxd8 22. h3 Qd4 23. Qxc6 Re1+ 24. Kh2 Qf4+ 25. g3 Qxf2+ 26. Qg2 Be4 0-1

[Event "Frankfurt-chA"]
[Site "Frankfurt"]
[Date "2016.05.02"]
[Round "2"]
[White "Weiland, Thomas"]
[Black "Klikic, Drazen"]
[Result "1-0"]
[WhiteElo "1673"]
[BlackElo "1363"]
[PlyCount "95"]
[EventDate "2016.04.25"]
[EventType "swiss"]
[EventRounds "9"]
[EventCountry "GER"]
[SourceTitle "EXT 2018"]
[Source "ChessBase"]
[SourceDate "2017.10.13"]
[SourceVersion "1"]
[SourceVersionDate "2017.10.13"]
[SourceQuality "1"]

1. c4 e5 2. Nc3 Nf6 3. d3 Be7 4. Nf3 d6 5. g3 0-0 6. Bg2 Be6 7. 0-0 Nbd7 8. a3 d5 9. cxd5 Nxd5 10. Bd2 c6 11. Rc1 N7f6 12. Nxe5 Bd6 13. Nf3 Re8 14. Re1 Qd7 15. Nxd5 cxd5 16. Bc3 Be7 17. Ne5 Qb5 18. Nf3 Rad8 19. Nd4 Qb6 20. Nxe6 fxe6 21. e3 Rf8 22. Bh3 Nd7 23. b4 Bf6 24. Bxf6 Rxf6 25. Re2 Ne5 26. f4 Rh6 27. Kg2 Nc6 28. d4 Ne7 29. Rec2 Nc6 30. Rc5 Rd7 31. b5 Ne7 32. a4 Nf5 33. Rc8+ Rd8 34. Qb3 Nd6 35. Rxd8+ Qxd8 36. Qb4 Nc4 37. Rc3 Qf6 38. Bg4 Qg6 39. Bf3 b6 40. Qe7 Qf5 41. Qe8+ Qf8 42. Qxf8+ Kxf8 43. e4 dxe4 44. Bxe4 Nd6 45. Bc2 Nf5 46. d5 Ke7 47. dxe6 Rxe6 48. Bxf5 1-0

[Event "Frankfurt-chA"]
[Site "Frankfurt"]
[Date "2016.04.25"]
[Round "1"]
[White "Worzelberger, Armin"]
[Black "Klikic, Drazen"]
[Result "1-0"]
[WhiteElo "1810"]
[BlackElo "1363"]
[PlyCount "81"]
[EventDate "2016.04.25"]
[EventType "swiss"]
[EventRounds "9"]
[EventCountry "GER"]
[SourceTitle "EXT 2018"]
[Source "ChessBase"]
[SourceDate "2017.10.13"]
[SourceVersion "1"]
[SourceVersionDate "2017.10.13"]
[SourceQuality "1"]

1. e4 e5 2. Nf3 Nc6 3. Bc4 Bc5 4. a3 a6 5. b4 Ba7 6. Bb2 Nf6 7. Nc3 d6 8. h3 h6 9. d3 Be6 10. Bxe6 fxe6 11. Ne2 Qe7 12. c4 0-0 13. Qb3 Rad8 14. Ng3 d5 15. Nxe5 Nxe5 16. Bxe5 Bxf2+ 17. Ke2 Bxg3 18. Bxg3 dxe4 19. Rad1 exd3+ 20. Rxd3 Rxd3 21. Qxd3 e5 22. Rf1 Rd8 23. Qf5 e4 24. Be5 Qd7 25. Qxd7 Rxd7 26. Bxf6 gxf6 27. Rxf6 Rd6 28. Rxd6 cxd6 29. Ke3 b5 30. cxb5 axb5 31. Kxe4 Kf7 32. Kd5 Ke7 33. Kc6 Ke6 34. Kxb5 d5 35. a4 Ke5 36. a5 d4 37. Kc4 Ke4 38. a6 d3 39. a7 d2 40. a8Q+ Ke3 41. Qe8+ 1-0

[Event "Frankfurt-chA"]
[Site "Frankfurt"]
[Date "2014.05.19"]
[Round "4"]
[White "Klikic, Drazen"]
[Black "Kissler, Johann"]
[Result "0-1"]
[WhiteElo "1235"]
[BlackElo "1531"]
[PlyCount "54"]
[EventDate "2014.04.28"]
[EventType "swiss"]
[EventRounds "7"]
[EventCountry "GER"]
[SourceTitle "EXT 2015"]
[Source "ChessBase"]
[SourceDate "2014.11.20"]
[SourceVersion "1"]
[SourceVersionDate "2014.11.20"]
[SourceQuality "1"]

1. e4 c5 2. Nc3 Nc6 3. f4 d6 4. Nf3 a6 5. a4 Nf6 6. Bc4 Bg4 7. Bxf7+ Kxf7 8. 0-0 Kg8 9. h3 Be6 10. Ng5 Qd7 11. d3 h6 12. Nxe6 Qxe6 13. Qf3 Qf7 14. Be3 Qe8 15. Ne2 Nb4 16. Rac1 e5 17. c3 Nxd3 18. Rc2 exf4 19. Bxf4 Nxf4 20. Nxf4 Qxe4 21. Re2 Qxf3 22. Rxf3 Re8 23. Ref2 d5 24. Ng6 Rh7 25. Rg3 Re1+ 26. Kh2 Bd6 27. Rxf6 Bxg3+ 0-1

[Event "Frankfurt-chB"]
[Site "Frankfurt"]
[Date "2012.05.14"]
[Round "3"]
[White "Neuhaus, Joachim"]
[Black "Klikic, Drazen"]
[Result "1-0"]
[WhiteElo "1446"]
[BlackElo "1162"]
[PlyCount "56"]
[EventDate "2012.04.30"]
[EventType "swiss"]
[EventRounds "7"]
[EventCountry "GER"]
[SourceTitle "EXT 2013"]
[Source "ChessBase"]
[SourceDate "2012.11.22"]
[SourceVersion "1"]
[SourceVersionDate "2012.11.22"]
[SourceQuality "1"]

1. e4 e5 2. Nf3 Nc6 3. Bb5 a6 4. Bxc6 dxc6 5. Nc3 Bd6 6. d4 Bg4 7. dxe5 Bxf3 8. Qxf3 Bxe5 9. 0-0 Nf6 10. Bg5 Qd6 11. h3 0-0-0 12. Rad1 Qe6 13. Qe3 Kb8 14. f4 Rxd1 15. Rxd1 Bxc3 16. Qxc3 Re8 17. Bxf6 Qxf6 18. Qxf6 gxf6 19. Re1 f5 20. e5 h5 21. Kf2 Rg8 22. e6 fxe6 23. Rxe6 Rd8 24. Ke3 Rd1 25. Rf6 Ra1 26. Rxf5 Rxa2 27. Rxh5 Rxb2 28. Kd3 a5 1-0

[Event "Frankfurt-chB"]
[Site "Frankfurt"]
[Date "2012.04.30"]
[Round "1"]
[White "Meister, Peter"]
[Black "Klikic, Drazen"]
[Result "1-0"]
[WhiteElo "1406"]
[BlackElo "1162"]
[PlyCount "43"]
[EventDate "2012.04.30"]
[EventType "swiss"]
[EventRounds "7"]
[EventCountry "GER"]
[SourceTitle "EXT 2013"]
[Source "ChessBase"]
[SourceDate "2012.11.22"]
[SourceVersion "1"]
[SourceVersionDate "2012.11.22"]
[SourceQuality "1"]

1. d4 d5 2. c4 e6 3. Nc3 Nf6 4. Nf3 Nbd7 5. Bg5 Be7 6. e3 0-0 7. c5 c6 8. Be2 Re8 9. 0-0 Ne4 10. Bxe7 Nxc3 11. Bxd8 Nxd1 12. Bc7 Nxb2 13. Ne5 Nxe5 14. Bxe5 f6 15. Bd6 e5 16. Rab1 Na4 17. dxe5 Nc3 18. Rb2 fxe5 19. f4 exf4 20. Bxf4 Ne4 21. Rc1 Rb8 22. Bxb8 1-0